Disney. Lettre H - Statistiques

Statistiques générales
  • Ce quiz a été pris 375 fois
  • Le résultat moyen est 12 sur 20
Statistiques - réponses
Question Réponse % Correct
Héros de la Grèce Antique Hercule
99%
Ile où se situe l'action de Lilo et Stitch Hawaï
90%
Méchant dans " Hercule " Hadès
89%
Chanson phare du " Roi Lion " Hakuna Matata
86%
Sport de prédilection de Riley ( vice-versa ) Hockey sur glace
77%
Peuple que Mulan est parti combattre Huns
76%
Shenzi, Banzaï et Ed sont des Hyènes
76%
Espèce animale de l'ami de Volt, enfermé dans une bulle Hamster
69%
Méchant prince qui ne manque pas de frères Hans
68%
Espèce animale de Big Mama ou encore Archimède Hibou
67%
Coq et ami de Vaiana Hei Hei
62%
Déesse Maman adoptive d'Hercule Héra
58%
Prénom du papa de Coco Hector
50%
Objet qu'a perdu Maui Hameçon
44%
Prénom du jeune héros des nouveaux héros Hiro
44%
Poulpe cynique dans " Le monde de Dory " Hank
40%
Dans Alice au pays des merveilles, elles finissent gober car elles ont été naïves Huitres
34%
Chanson de Merlin qui précède Figitus Higitus
29%
Prénoms des trois petits frères de Mérida Harry/Hubert/Hamish
18%
Le papa d'Arlo Henry
17%
Aucun quiz correspondant
Distribution des résultats
% des personnes avec chaque résultat
Percentile par nombre de réponses
Votre historique - résultats
Vous n’avez pas pris ce quiz